Schwedische Wörter ins deutsche übersetzen - Statistiken

Allgemein
  • Dieses Quiz wurde 49 mal gespielt
  • Das Durchschnittsergebnis liegt bei 10 aus 15
Antwortstatistiken
Hint Antwort % Korrekt
arbete Arbeit
96%
land Land
96%
liv Leben
96%
bok Buch
89%
hus Haus
89%
skola Schule
87%
språk Sprache
87%
värld Welt
76%
stoppa Stoppen
60%
Tänka denken
47%
rolig Lustig
47%
Bord Tisch
47%
vän Freund
42%
mat Essen
40%
simma Schwimmen
31%
Keine übereinstimmenden Quizze gefunden
Verteilung der Resultate
Anzahl Personen mit jedem Resultat
Perzentil nach korrekt beantworteten Fragen
Ihre Resultats-Entwicklung
Sie haben dieses Quiz noch nicht gespielt